Gemeinden im Ortenaukreis - Statistiken

Allgemein
  • Dieses Quiz wurde 169 mal gespielt
    124 seit der letzten Aktualisierung
  • Das Durchschnittsergebnis liegt bei 22 aus 51
Antwortstatistiken
% Korrekt
Offenburg
87%
Lahr
81%
Kehl
74%
Achern
69%
Haslach im Kinzigtal
65%
Rust
65%
Appenweier
63%
Gengenbach
61%
Hausach
61%
Oberkirch
57%
Biberach
52%
Friesenheim
50%
Wolfach
50%
Zell am Harmersbach
50%
Ettenheim
46%
Kappel-Grafenhausen
46%
Oppenau
46%
Hornberg
44%
Gutach
43%
Neuried
43%
Renchen
43%
Seelbach
43%
Rheinau
41%
Sasbach b Achern
41%
Oberharmersbach
39%
Oberwolfach
39%
Ortenberg
39%
Schutterwald
37%
Willstätt
37%
Kippenheim
35%
Ohlsbach
35%
Sasbachwalden
35%
Schwanau
35%
Steinach
35%
Hohberg b Offenburg
33%
Kappelrodeck
33%
Mahlberg
31%
Berghaupten
30%
Durbach
30%
Fischerbach
30%
Mühlenbach
30%
Nordrach
30%
Ringsheim
30%
Lauf
28%
Meißenheim
28%
Seebach
28%
Schuttertal
26%
Bad Peterstal-Griesbach
24%
Lautenbach
24%
Ottenhöfen im Schwarzwald
24%
Hofstetten
22%
Keine übereinstimmenden Quizze gefunden
Verteilung der Resultate
Anzahl Personen mit jedem Resultat
Perzentil nach korrekt beantworteten Fragen
Ihre Resultats-Entwicklung
Sie haben dieses Quiz seit der letzten Aktualisierung nicht gespielt